Giáo trình địa chất căn bản Đồng bằng sông Cửu Long
Đã lưu trong:
| Formáid: | Leabhar |
|---|---|
| Teanga: | Undetermined |
| Foilsithe: |
Cần Thơ
Trường Đại học Cần Thơ
1986
|
| Ábhair: | |
| Clibeanna: |
Cuir Clib Leis
Gan Chlibeanna, Bí ar an gcéad duine leis an taifead seo a chlibeáil!
|
| Thư viện lưu trữ: | Trung tâm Học liệu Trường Đại học Cần Thơ |
|---|
| LEADER | 00508nam a2200157Ia 4500 | ||
|---|---|---|---|
| 001 | CTU_3408 | ||
| 008 | 210402s9999 xx 000 0 und d | ||
| 082 | |a 553.09597 | ||
| 082 | |b Gi108 | ||
| 245 | 0 | |a Giáo trình địa chất căn bản Đồng bằng sông Cửu Long | |
| 260 | |a Cần Thơ | ||
| 260 | |b Trường Đại học Cần Thơ | ||
| 260 | |c 1986 | ||
| 650 | |a geology - economic aspects | ||
| 904 | |i Minh, 960907 | ||
| 980 | |a Trung tâm Học liệu Trường Đại học Cần Thơ | ||